[Event "Titled Tuesday intern op 2nd Aug"]
[Site "Chess.com INT"]
[Date "2016.08.02"]
[Round "9"]
[White "Bersamina, Paulo"]
[Black "Durden, Tyler"]
[Result "1-0"]
[WhiteElo "2402"]
[BlackElo "2494"]
[PlyCount "105"]
[EventDate "2016.08.02"]
[EventType "swiss (blitz)"]
[EventRounds "9"]
[EventCountry "USA"]
[SourceTitle "EXT 2021"]
[Source "ChessBase"]
[SourceDate "2020.10.23"]
[SourceVersion "1"]
[SourceVersionDate "2020.10.23"]
[SourceQuality "1"]

1. e4 e6 2. b3 d5 3. Bb2 dxe4 4. Nc3 Nf6 5. Qe2 Bd7 6. Nxe4 Be7 7. 0-0-0 Nxe4 8. Qxe4 Bc6 9. Qg4 Bf6 10. d4 a5 11. a4 Nd7 12. Nf3 0-0 13. Bd3 g6 14. h4 Bg7 15. h5 Nf6 16. Qh3 Bxf3 17. Qxf3 Qd5 18. Qe3 Ng4 19. Qe2 Nf6 20. hxg6 hxg6 21. Kb1 c6 22. f3 b5 23. axb5 a4 24. Bc4 Qd8 25. bxc6 Qb6 26. Rh4 axb3 27. Bxb3 Qxc6 28. Rdh1 Nd5 29. c4 Nf6 30. d5 Qb7 31. Qe5 Qe7 32. d6 Qd8 33. c5 Rb8 34. Kc2 Rb5 35. g4 Rxc5+ 36. Qxc5 Qc8 37. Qxc8 Rxc8+ 38. Kb1 Rb8 39. Kc2 Rc8+ 40. Kb1 Rb8 41. Rh8+ Bxh8 42. Rxh8+ Kxh8 43. Bxf6+ Kh7 44. Kb2 Rb7 45. g5 Rd7 46. Be7 Rb7 47. Kc3 Ra7 48. Bc4 Rb7 49. Kd4 Kg7 50. Bf6+ Kf8 51. Kc5 Ke8 52. Bb5+ Kf8 53. d7 1-0

[Event "Titled Tuesday intern op 5th July"]
[Site "Chess.com INT"]
[Date "2016.07.05"]
[Round "2"]
[White "Arencibia Monduy, Antonio"]
[Black "Durden, Tyler"]
[Result "1/2-1/2"]
[WhiteElo "2206"]
[BlackElo "2428"]
[PlyCount "165"]
[EventDate "2016.07.05"]
[EventType "swiss (blitz)"]
[EventRounds "9"]
[EventCountry "USA"]
[SourceTitle "EXT 2021"]
[Source "ChessBase"]
[SourceDate "2020.10.23"]
[SourceVersion "1"]
[SourceVersionDate "2020.10.23"]
[SourceQuality "1"]

1. e4 e5 2. Nf3 Nc6 3. Bc4 Nf6 4. d3 d6 5. Bb3 Be7 6. 0-0 a6 7. c3 0-0 8. Re1 b5 9. Nbd2 Bb7 10. Nf1 h6 11. Ne3 Na5 12. Bc2 c5 13. Bd2 Nc6 14. Nf5 Bc8 15. Ng3 d5 16. Qe2 d4 17. cxd4 Nxd4 18. Nxd4 cxd4 19. Bb3 Bg4 20. f3 Bd7 21. f4 exf4 22. Bxf4 a5 23. Nh5 Nxh5 24. Qxh5 Bg5 25. Rf1 Bxf4 26. Rxf4 Be6 27. Bxe6 fxe6 28. Rxf8+ Qxf8 29. Qxb5 Qf4 30. Qc4 Qe3+ 31. Kh1 Kh7 32. a3 Rf8 33. h3 Rf2 34. b4 axb4 35. axb4 Qg3 36. Rg1 e5 37. b5 Rd2 38. b6 Rb2 39. Qe6 Qg5 40. Qd6 Qe3 41. Qxe5 Rxb6 42. Qf5+ Kh8 43. Ra1 Rb8 44. Qf1 Kh7 45. Re1 Qg3 46. e5 Rb2 47. Qf5+ Kg8 48. Rg1 Qf2 49. Qg6 Re2 50. e6 Re3 51. Ra1 Re1+ 52. Rxe1 Qxe1+ 53. Kh2 Qe5+ 54. Qg3 Qxe6 55. Qb8+ Kh7 56. Qf4 Qd5 57. h4 g5 58. hxg5 hxg5 59. Qf6 Kg8 60. Qe7 Kh8 61. Kg1 Kg8 62. Kh2 Kh8 63. Kg3 Kg8 64. Kh2 Kh8 65. Qc7 Qg8 66. Kg3 Qe8 67. Kh2 Qe3 68. Qc8+ Kh7 69. Qd7+ Kg6 70. Qc6+ Kf5 71. Qd7+ Kg6 72. Qc6+ Kf5 73. Qd5+ Qe5+ 74. Qxe5+ Kxe5 75. Kg3 Kf5 76. Kf3 g4+ 77. Ke2 Kf4 78. Kf2 g3+ 79. Ke2 Kg4 80. Kd2 Kf4 81. Ke2 Kg4 82. Kd2 Kf4 83. Ke2 1/2-1/2

[Event "Titled Tuesday intern op1 5th July"]
[Site "Chess.com INT"]
[Date "2016.07.05"]
[Round "1"]
[White "Arun, Siddharth"]
[Black "Durden, Tyler"]
[Result "1/2-1/2"]
[WhiteElo "2068"]
[BlackElo "2434"]
[PlyCount "85"]
[EventDate "2016.07.05"]
[EventType "swiss (blitz)"]
[EventRounds "9"]
[EventCountry "USA"]
[SourceTitle "EXT 2021"]
[Source "ChessBase"]
[SourceDate "2020.10.23"]
[SourceVersion "1"]
[SourceVersionDate "2020.10.23"]
[SourceQuality "1"]

1. d4 d5 2. Bf4 c6 3. Nf3 Nf6 4. e3 e6 5. c4 Be7 6. Nc3 0-0 7. Bd3 b6 8. Qb1 Bb7 9. 0-0 Nbd7 10. Ne5 h6 11. Bg3 Nh5 12. f4 Nxg3 13. hxg3 Nxe5 14. fxe5 dxc4 15. Bxc4 c5 16. Ne2 cxd4 17. Nxd4 Rc8 18. Qd3 Bc5 19. Bb3 Bxd4 20. exd4 Bd5 21. Bc2 g6 22. Rf6 Qc7 23. Rc1 Kg7 24. Kh2 h5 25. g4 hxg4 26. Kg3 Rh8 27. Rf2 Rcf8 28. Kxg4 Qd8 29. Rf6 Rh2 30. Rg1 Bxg2 31. Kg3 Rh3+ 32. Kxg2 Rxd3 33. Bxd3 Qc7 34. Kf2 Qd8 35. Ke3 Qd5 36. Bxg6 fxg6 37. Rgxg6+ Kh7 38. Rh6+ Kg7 39. Rhg6+ Kh7 40. Rh6+ Kg7 41. Rhg6+ Kh7 42. Rh6+ Kg7 43. Rhg6+ 1/2-1/2

[Event "Titled Tuesday intern op 5th July"]
[Site "Chess.com INT"]
[Date "2016.07.05"]
[Round "4"]
[White "Durden, Tyler"]
[Black "Kryakvin, Dmitry"]
[Result "1-0"]
[WhiteElo "2435"]
[BlackElo "2547"]
[PlyCount "97"]
[EventDate "2016.07.05"]
[EventType "swiss (blitz)"]
[EventRounds "9"]
[EventCountry "USA"]
[SourceTitle "EXT 2021"]
[Source "ChessBase"]
[SourceDate "2020.10.23"]
[SourceVersion "1"]
[SourceVersionDate "2020.10.23"]
[SourceQuality "1"]

1. Nf3 Nf6 2. g3 g6 3. Bg2 Bg7 4. 0-0 0-0 5. d3 d5 6. Nbd2 c5 7. c4 Nc6 8. cxd5 Nxd5 9. Nc4 b6 10. a3 Bb7 11. h3 e5 12. Bd2 a5 13. Rc1 a4 14. b3 axb3 15. Qxb3 Ra6 16. e4 Nde7 17. a4 Ba8 18. Kh2 Nc8 19. Rb1 Qc7 20. Rfc1 Rd8 21. h4 Nd4 22. Nxd4 Rxd4 23. Be3 Rd8 24. Bd2 Bc6 25. a5 bxa5 26. Be3 a4 27. Qc3 Ba8 28. Bg5 f6 29. Be3 Kh8 30. Ra1 Nd6 31. Nxd6 Qxd6 32. Ra3 Bf8 33. Qc4 Bc6 34. Qxa6 Be8 35. Qxd6 Bxd6 36. Bxc5 Bb5 37. Bxd6 Rxd6 38. Bf1 Kg7 39. Rc7+ Kh6 40. Kh3 Bd7+ 41. Kg2 Bb5 42. f4 exf4 43. gxf4 Rd4 44. Kf3 Rb4 45. Rb7 Rb1 46. Be2 Rb4 47. Ke3 f5 48. d4 fxe4 49. Rxb5 1-0